Financing economic development in Iraq ; the role of oil in a Middle Eastern economy.

Bibliographic Details
Main Author: Alnasrawi, Abbas
Format: Book
Language:English
Published: New York : Praeger, [1967]
Series:Praeger special studies in international economics and development.
Subjects:

MARC

Tag First Indicator Second Indicator Subfields
LEADER 00000cam a22000001 4500
001 in00000066822
005 20151008050801.0
008 731212s1967 nyu b 00000 eng
010 |a  66026557  
035 |a (OCoLC)00902121 
035 |9 AAG3331AM 
040 |a DLC  |c DLC  |d TXA  |d UtOrBLW 
043 |a a-iq--- 
049 |a TXAM  |c [477426] 
050 0 0 |a HC497.I7  |b A65 
082 0 |a 330.9567 
092 |a 330.9567  |b A452f 
100 1 |a Alnasrawi, Abbas. 
245 1 0 |a Financing economic development in Iraq ;  |b the role of oil in a Middle Eastern economy. 
264 1 |a New York :  |b Praeger,  |c [1967] 
300 |a xi, 188 pages ;  |c 25 cm. 
336 |a text  |b txt  |2 rdacontent 
337 |a unmediated  |b n  |2 rdamedia 
338 |a volume  |b nc  |2 rdacarrier 
490 1 |a Praeger special studies in international economics and development 
504 |a Bibliography: pages 175-188. 
650 0 |a Oil and gas leases  |z Iraq. 
650 0 |a Taxation  |z Iraq. 
651 0 |a Iraq  |x Economic policy. 
830 0 |a Praeger special studies in international economics and development. 
999 |a MARS 
999 f f |s 44313b5c-2d9b-3207-8c9e-095549ec9a00  |i 4acd17bf-4776-314d-9f63-9ff0f3911e1d  |t 0 
952 f f |p normal  |a Texas A&M University  |b College Station  |c Sterling C. Evans Library  |d Evans: Library Stacks  |t 0  |e HC497.I7 A65  |h Library of Congress classification  |i unmediated -- volume  |m A14800704619 
998 f f |a HC497.I7 A65  |t 0  |l Evans: Library Stacks